|
|
|
|
| LEADER |
00000caa a22000002c 4500 |
| 001 |
1912593505 |
| 003 |
DE-627 |
| 005 |
20250126055017.0 |
| 007 |
tu |
| 008 |
241217s1997 xx ||||| 00| ||eng c |
| 035 |
|
|
|a (DE-627)1912593505
|
| 035 |
|
|
|a (DE-599)KXP1912593505
|
| 040 |
|
|
|a DE-627
|b ger
|c DE-627
|e rda
|
| 041 |
|
|
|a eng
|
| 084 |
|
|
|a 2,1
|2 ssgn
|
| 100 |
1 |
|
|a Bowman, Phillip J.
|e VerfasserIn
|4 aut
|
| 245 |
1 |
0 |
|a Instrumental and expressive family roles among African American fathers
|
| 264 |
|
1 |
|b Sage
|c 1997
|
| 336 |
|
|
|a Text
|b txt
|2 rdacontent
|
| 337 |
|
|
|a ohne Hilfsmittel zu benutzen
|b n
|2 rdamedia
|
| 338 |
|
|
|a Band
|b nc
|2 rdacarrier
|
| 700 |
1 |
|
|a Forman, Tyrone A.
|e VerfasserIn
|4 aut
|
| 773 |
0 |
8 |
|i Enthalten in
|t Family Life in Black America
|g (1997), Seite 216-247
|
| 773 |
1 |
8 |
|g year:1997
|g pages:216-247
|
| 787 |
0 |
8 |
|i Forschungsdaten
|a Jackson, James S. (James Sidney)
|t National Survey of Black Americans, 1979-1980
|d [Erscheinungsort nicht ermittelbar] : [Verlag nicht ermittelbar], 1987
|w (DE-627)1840065605
|
| 935 |
|
|
|a mkri
|
| 951 |
|
|
|a AR
|
| ELC |
|
|
|b 1
|
| LOK |
|
|
|0 000 xxxxxcx a22 zn 4500
|
| LOK |
|
|
|0 001 4637559014
|
| LOK |
|
|
|0 003 DE-627
|
| LOK |
|
|
|0 004 1912593505
|
| LOK |
|
|
|0 005 20241217044616
|
| LOK |
|
|
|0 008 241217||||||||||||||||ger|||||||
|
| LOK |
|
|
|0 035
|a (DE-2619)ICPSR4455
|
| LOK |
|
|
|0 040
|a DE-2619
|c DE-627
|d DE-2619
|
| LOK |
|
|
|0 092
|o n
|
| LOK |
|
|
|0 852
|a DE-2619
|
| LOK |
|
|
|0 852 1
|9 00
|
| LOK |
|
|
|0 935
|a uvkn
|a nacp
|
| LOK |
|
|
|0 939
|a 17-12-24
|b l01
|
| ORI |
|
|
|a SA-MARC-krimdoka001.raw
|